Most Populous Counties by State - Statistics

General Stats
  • This quiz has been taken 313 times
    288 since last reset
  • The average score is 29 of 50
Answer Stats
State Population (2010 Census) Answer % Correct
California 9,818,605 Los Angeles
93%
Washington 1,931,249 King
87%
Illinois 5,194,675 Cook
86%
Arizona 3,817,117 Maricopa
82%
Hawaii 953,207 Honolulu
80%
Nevada 1,951,269 Clark
79%
Florida 2,496,435 Miami-Dade
79%
New York 2,504,700 Kings
78%
Alaska 291,826 Anchorage
76%
Michigan 1,820,584 Wayne
76%
Pennsylvania 1,526,006 Philadelphia
74%
Georgia 920,581 Fulton
73%
Texas 4,092,459 Harris
72%
Alabama 658,466 Jefferson
70%
Kentucky 741,096 Jefferson
70%
Wisconsin 947,735 Milwaukee
70%
Utah 1,029,655 Salt Lake
70%
Missouri 998,954 St. Louis
70%
Minnesota 1,152,425 Hennepin
67%
Rhode Island 626,667 Providence
66%
Ohio 1,280,122 Cuyahoga
63%
Oklahoma 718,633 Oklahoma
63%
Maryland 971,777 Montgomery
62%
Idaho 392,365 Ada
59%
Virginia 1,081,726 Fairfax
59%
Delaware 538,479 New Castle
58%
North Carolina 919,628 Mecklenburg
57%
Indiana 903,393 Marion
54%
Oregon 735,334 Multnomah
54%
Wyoming 94,483 Laramie
52%
Iowa 430,640 Polk
51%
Massachusetts 1,503,085 Middlesex
50%
Tennessee 927,644 Shelby
50%
New Jersey 905,116 Bergen
49%
New Mexico 662,564 Bernalillo
46%
Nebraska 463,585 Douglas
46%
Connecticut 916,829 Fairfield
46%
Kansas 559,913 Johnson
46%
Arkansas 382,748 Pulaski
46%
Colorado 622,263 El Paso
42%
South Carolina 451,225 Greenville
38%
Maine 281,674 Cumberland
36%
Mississippi 245,285 Hinds
36%
West Virginia 193,063 Kanawha
36%
Vermont 156,545 Chittenden
35%
Louisiana 440,171 East Baton Rouge
35%
Montana 144,797 Yellowstone
35%
New Hampshire 400,721 Hillsborough
34%
North Dakota 149,778 Cass
31%
South Dakota 169,468 Minnehaha
28%
No matching quizzes found
Score Distribution
Percent of People with Each Score
Percentile by Number Answered
Your Score History
You have not taken this quiz since the last reset